Visualizzazione normale
Vista MARC
- Urbano Claudio
di Personal Name
Records bibliografici associati: 5
001 - CONTROL NUMBER
- control field: 60881
003 - CONTROL NUMBER IDENTIFIER
- control field:
005 - DATE AND TIME OF LATEST TRANSACTION
- control field: 20240711120520.0
008 - FIXED-LENGTH DATA ELEMENTS
- fixed length control field: 240711|| aca||aabn | a|a d
040 ## - CATALOGING SOURCE
- Original cataloging agency:
- Transcribing agency:
100 ## - HEADING--PERSONAL NAME
- Personal name: Urbano Claudio
670 ## - SOURCE DATA FOUND
- Source citation: Work cat.: ()360187: Urbano Claudio, Villapizzone, la vita nel segno della condivisione, 2018